LEADER 01388nam a2200289 u 4500 001 000000039937 003 CaOOAMICUS 005 20070226114039.0 008 980520s1954 it u000 u ita u 035 $a10795511 040 $aPUL(R)$bita 100 1 $aProsdocimi, Luigi,$d1898-1986.$0(OLS)http://pul/name/5903 245 10$aObservantia :$bricerche sull'aspetto consuetudinario del diritto dai commemtatori alla scuola storica.$n1,$pI commentatori e i pratici italiani /$cLuigi Prosdocimi. 246 33$aCommentatori e i pratici italiani 260 $aMilano :$bGiuffrè,$c1954. 300 $a104 p. ;$c24 cm 490 1 $aIus nostrum ;$v4 504 $aBibliografia in nota. 650 4$aChiesa e stato.$0(OLS)http://pul/subject/960 830 0$aIus nostrum ;$v4.$0(OLS)http://pul/title/1296 850 $aPUL 852 $aPUL$W1$xDP1 Miscellanee$y10$mMisc.Lombardi.126(int.9)$j54342$nBK-PRI$b $qStampati Miscellanee$B54342$CPULBib$Z2$F54342 $H $81 941 1 $a17 960 $aStato e Chiesa$9960 996 $6245$aObservantia :$bricerche sull'aspetto consuetudinario del diritto dai commemtatori alla scuola storica.$n1,$pI commentatori e i pratici italiani$9(OLS)http://pul/title/54000 996 $6246$aCommentatori e i pratici italiani$9(OLS)http://pul/title/54001 996 $6260$aMilano :$bGiuffrè$9(OLS)http://pul/publisher/48401 LEADER 01798cam a2200337 u 4500 001 000000001321 003 CaOOAMICUS 005 20070226104312.0 008 010321s1983 it u000 u ita u 020 $a8821300706 035 $a10030215 040 $aPUL(R)$bita 245 00$aSpirito Santo e catechesi patristica :$bConvegno di studio e aggiornamento, Facoltà di Lettere cristiane e classiche (Pontificium Institutum Altioris Latinitatis). Roma, 6-7 marzo 1982 /$ca cura di Sergio Felici. 260 $aRoma :$bLAS,$cc1983. 300 $a303 p. ;$c24 cm 490 1 $aBiblioteca di scienze religiose ;$v54 650 4$aPatristica$xCongressi.$0(OLS)http://pul/subject/1421 650 4$aSpiritus Sanctus$xCongressi.$0(OLS)http://pul/subject/1422 650 4$aCatechesi patristica.$0(OLS)http://pul/subject/1423 700 1 $aFelici, Sergio.$0(OLS)http://pul/name/1463 710 2 $aPontificia Università Salesiana.$bFacoltà di lettere cristiane e classiche.$0(OLS)http://pul/name/1465 830 0$aBiblioteca di scienze religiose (Libreria Ateneo salesiano) ;$v54.$0(OLS)http://pul/title/491 850 $aPUL 852 $aPUL$W1$xSL Religione 2$y84$mTheol A3 54$j1727$nBK-PRI$b $qStampati altre collocazioni$B1727$CPULBib$Z2$F1727 $H $81 941 1 $a10 961 $aINV: 74318 983 0$aNuova biblioteca di scienze religiose. 983 0$aBiblioteca di scienze religiose (LAS) 996 $6020$a8821300706$9(OLS)http://pul/number/1758 996 $6245$aSpirito Santo e catechesi patristica :$bConvegno di studio e aggiornamento, Facoltà di Lettere cristiane e classiche (Pontificium Institutum Altioris Latinitatis). Roma, 6-7 marzo 1982$9(OLS)http://pul/title/1963 996 $6260$aRoma :$bLAS$9(OLS)http://pul/publisher/48069